00580nam a2200193Ia 450000500170000000800410001702000230005804000190008104100120010008200130011210000210012524500830014626000390022930000300026850400500029865000140034865100140036285000100037620230613121143.0131103s9999 xx 000 0 und d a8170350832cRs.190 aLoreto College aEnglish a301bCHA aChakraborty,Roma aPolitical socialization of students in metropolitan CalcuttacRoma Chakraborty aDelhibDaya Publishing Housec1990 avi,161 p.b illus.,tables aIncludes bibliographical references and index aSociology aSocialogy aLCLIB